| 000 | 01278njm a2200313Ia 4500 | ||
|---|---|---|---|
| 001 | 20201 | ||
| 003 | IT-RoPAU | ||
| 005 | 20220918181154.0 | ||
| 008 | 131025s9999 xx 000 0 und d | ||
| 040 | _aIT-RoPAU | ||
| 040 | _cIT-RoPAU | ||
| 041 | _aITALIANO | ||
| 999 |
_c102430 _d102430 |
||
| 999 | _bn.d. | ||
| 100 |
_aDi Mario Angelo _9853 |
||
| 100 |
_eAutore musica _9854 |
||
| 100 |
_gCodice Autore Musica SPICS: 10868 _9855 |
||
| 245 | _aNatale con i tuoi (Lp Ep Sn 30.52) | ||
| 250 | _a1a ed. | ||
| 260 | _aALBANO | ||
| 260 | _bEP - MUSICALI E DISCOGRAFICHE | ||
| 300 | _aDISCO | ||
| 500 | _aCanti natalizi | ||
| 505 | _aJingle Bells (Pierpont) - Girotondo di Natale - Una stellina alla finestra - Aria di festa (I. Henrico-A. di Mario) - L'alberello di Natale - Luci di Natale - Filastrocca di Natale - Din don dan di Natale - La coccinella e l'inverno - La canzone di Natale - Un lampione sopra il tetto - Stille Nacht (Franz Gruber) | ||
| 511 | _aCoro di Angelo di Mario-Orchestra Ragazzi alla Ribalta | ||
| 650 |
_aPOPOLARE [DISCHI] _eCodice MATERIA SPICS: 9950 _9856 |
||
| 700 |
_aTombolato Pino _eAutore testo e musica _gCodice autore testo/musica SPICS: 10145 _9857 |
||
| 700 |
_aDi Mario Angelo _eAutore musica _gCodice autore musica SPICS: 10868 _9858 |
||
| 942 |
_cMD _2ddc |
||